| 000 | 01041cam a22002533a 4500 | ||
|---|---|---|---|
| 001 | 24393 | ||
| 003 | PGUSA | ||
| 005 | 20140828083524.0 | ||
| 008 | 080121s2008||||xxu|||||s|||||000 1 eng d | ||
| 040 |
_aPGUSA _beng |
||
| 042 | _adc | ||
| 050 | 4 | _aPR | |
| 100 | 1 |
_aBirmingham, George A., _d1865-1950 |
|
| 245 | 1 | 0 |
_aOur Casualty, and other stories : _b1918 _h[electronic resource] / _cGeorge A. Birmingham |
| 260 |
_bProject Gutenberg, _c2008 |
||
| 505 | 0 | _aOur casualty -- Getting even -- A matter of discipline -- The second bass -- Her right -- Journey's end -- His girl -- Sir Galahad -- A gun-running episode -- Ireland forever -- Sir Timothy's dinner-party -- United Ireland -- Old Biddy and the rebels -- Civilized war -- The mermaid -- An upright judge. | |
| 506 | _aPublic domain in the USA. | ||
| 516 | _aElectronic text | ||
| 653 | _aIreland -- Social life and customs -- Fiction | ||
| 653 | _aShort stories, Irish | ||
| 830 | 0 |
_aProject Gutenberg _v24393 |
|
| 856 | 4 | 0 | _uhttp://www.gutenberg.org/ebooks/24393 |
| 942 | _cEB | ||
| 999 |
_c253648 _d253648 |
||